La responsabilidad patrimonial del Estado-legislador en materia tributaria y vías para reclamarla (Registro nro. 305025)

Detalles MARC
000 -ENCABEZADO
Número de control [NR] 01112cam a2200265 4500
005 - FECHA Y HORA DE LA ÚLTIMA TRANSACCIÓN
control field 20161123100223.0
008 - DE LONGITUD FIJA DE DATOS DE ELEMENTOS - INFORMACIÓN GENERAL
Elementos de longitud fija [NR] 161123s2009 sp fr|||| 000 0 spa d
020 ## - NUMERO INTERNACIONAL NORMALIZADO PARA LIBROS [R]
Número Internacional Normalizado del libro [NR] 9788483559482
035 ## - NUMERO DE CONTROL DEL SISTEMA [R]
Número de control del sistema [NR] (OCoLC)733844173
040 ## - FUENTE DE CATALOGACION [NR]
Agencia de catalogación original [NR] CO-BoUCM
Idioma de catalogación [NR] spa
Quien Cataloga Sandra Palacio
Quien Clasifica Sandra Palacio
041 0# - CODIGO DE IDIOMA [R]
Código de idioma para texto/pista de sonido o título separado [R] Español
100 1# - ASIENTO PRINCIPAL--NOMBRE PERSONAL [NR]
Nombre personal [NR] Moreno Fernández, Juan Ignacio
ID Autoridad 82027
245 13 - MENCION DE TITULO [NR]
Título [NR] La responsabilidad patrimonial del Estado-legislador en materia tributaria y vías para reclamarla
Mención de responsabilidad, etc. [NR] Juan Ignacio Moreno Fernández ; prólogo, Juan Martín Queralt
260 ## - PUBLICACION, DISTRIBUCION, ETC. (PIE DE IMPRENTA) [R]
Lugar de publicación, distribución, etc. [R] Cizur Menor (Navarra, España)
Nombre del editor, distribuidor, etc. [R] Aranzadi
-- Thomson Reuters
Fecha de publicación, distribución, etc. [R] 2009
300 ## - DESCRIPCION FISICA [R]
Extensión [R] 272 páginas
490 0# - MENCION DE SERIE [R]
Mención de serie [R] Monografías Aranzadi
Designación numérica/secuencial del volumen [NR] 556
504 ## - NOTA DE BIBLIOGRAFIA, ETC. [R]
Nota de bibliografía, etc. [NR] Incluye referencias bibliográficas
650 17 - ASIENTO SECUNDARIO DE MATERIA - TERMINO TEMATICO [R]
Término temático o nombre geográfico como elemento de entrada [NR] Derecho constitucional
Subdivisión geográfica [R] España
9 (RLIN) 35410
650 27 - ASIENTO SECUNDARIO DE MATERIA - TERMINO TEMATICO [R]
Término temático o nombre geográfico como elemento de entrada [NR] Recursos administrativos
Subdivisión geográfica [R] España
9 (RLIN) 82028
650 27 - ASIENTO SECUNDARIO DE MATERIA - TERMINO TEMATICO [R]
Término temático o nombre geográfico como elemento de entrada [NR] Derecho de integración
Subdivisión geográfica [R] España
Subdivisión de forma [R] Jurisprudencia
9 (RLIN) 12739
690 ## - ASUNTO AGREGADO LOCAL DE ENTRADA - TÉRMINO TEMÁTICO (OCLC, RLIN)
Acceso temático local Derecho administrativo
9 (RLIN) 12695
700 1# - ASIENTO SECUNDARIO - NOMBRE PERSONAL [R]
Nombre personal [NR] Martín Queralt, Juan
Término de relación [R] prólogo
9 (RLIN) 64801
942 ## - ELEMENTOS DE ENTRADA AGREGADOS (KOHA)
Sistema de clasificación DEWEY
Tipo de ítem principal el descrito en 300a Libro
Tema principal Derecho
Edición 1
Clasificación 342.088
Parte restante de la signatura top. M843rp
Existencias
Fecha de último préstamo Total préstamos Total Renewals Signatura topográfica Código de barras Última vez visto Ejemplar Costo de reposición Price effective from Tipo de ítem Perdido Sistema de clasificación Dañado No prestable Tipo de ítem específico Suprimido Ubicación habitual Ubicación actual Localización Fecha de creación Proveedor Forma de adquisición Costo
24/01/2018 5 10 342.088 M843rp 100151698 08/06/2024 Ej.1 134683.00 15/11/2016 Libro   DEWEY     Libro   Bodega Bodega 3er piso 15/11/2016 37 Compra 134683.00